00883nam a2200205Ia 4500008004100000020001500041041001200056082001100068100001400079245007400093260002500167300000800192650001200200700001500212700002000227942000700247999001500254952021000269952019800479221030s9999 xx 000 0 und d a0070151550 aEnglish a105.23 aA. Beiser 0aConcepts Of Modern Physicscby A. Beiser, S. Mahajan, S. R. Choudhary bTMHaNew Delhic2009 a623 aPhysics aS. Mahajan aS. R. Choudhary cBK c8960d8960 pBE 10615g375.00i154l2o105.23 eDurga Books, Amritsarr2024-11-12 00:00:00s2024-10-24w2022-10-30yBK003Print4070aMIETLIBbMIETLIBcBL-Academic Block C, FL-2, CUP-127, SH-3, R-3d2010-03-1110HBE pBE 10616g375.00i154l0o105.23 eDurga Books, Amritsarr2024-06-13 00:00:00w2022-10-30yBK003Print4070aMIETLIBbMIETLIBcBL-Academic Block C, FL-2, CUP-127, SH-3, R-3d2010-03-1110HBE